| 000 | 00514 a2200157 4500 | ||
|---|---|---|---|
| 020 | _a8131721213 (paperback) | ||
| 020 | _a9788131721216 (paperback) | ||
| 090 |
_c6392 _d6392 |
||
| 100 | 1 | _aSanghi, Robbins; Judge; | |
| 245 | 1 | 0 |
_aOrganizational behavior / _cRobbins; Judge; Sanghi. |
| 250 | _a13th Edition. | ||
| 260 |
_a[S.l.] : _bPearson, _c2009. |
||
| 300 |
_a1 v. (unpaged) ; _c28 cm. |
||
| 856 | 4 | 0 |
_3Amazon.com _uhttp://www.amazon.com/exec/obidos/ASIN/8131721213/chopaconline-20 |
| 942 |
_aNBS _cBK _k658.4 ROB |
||
| 999 |
_c348756 _d348756 |
||